[Event "Wiesbaden op 29th"]
[Site "Wiesbaden"]
[Date "2017.08.27"]
[Round "7"]
[White "Manuelyan, Nubar"]
[Black "Brockmann, Marcus"]
[Result "0-1"]
[WhiteElo "1562"]
[BlackElo "1585"]
[PlyCount "50"]
[EventDate "2017.08.24"]
[EventType "swiss"]
[EventRounds "7"]
[EventCountry "GER"]
[SourceTitle "CBM 180 Extra"]
[Source "ChessBase"]
[SourceDate "2017.10.06"]
[SourceVersion "1"]
[SourceVersionDate "2017.10.06"]
[SourceQuality "1"]

1. c4 e5 2. Nc3 Nf6 3. Nf3 Nc6 4. g3 d5 5. cxd5 Nxd5 6. Bg2 Nb6 7. 0-0 Be6 8. d3 Be7 9. Be3 0-0 10. a3 Bf6 11. Ne4 Nd4 12. Nxd4 exd4 13. Nxf6+ Qxf6 14. Bf4 c6 15. Qd2 h6 16. e4 dxe3 17. fxe3 Rfe8 18. e4 Qd4+ 19. Be3 Qd7 20. Bxh6 gxh6 21. Qxh6 Qd4+ 22. Rf2 Qg7 23. Qe3 Rad8 24. Raf1 Re7 25. Kh1 Red7 0-1

[Event "Eschborn op"]
[Site "Eschborn"]
[Date "2016.09.04"]
[Round "5"]
[White "Weiland, Thomas"]
[Black "Brockmann, Marcus"]
[Result "1-0"]
[WhiteElo "1708"]
[BlackElo "1397"]
[PlyCount "76"]
[EventDate "2016.09.02"]
[EventType "swiss"]
[EventRounds "5"]
[EventCountry "GER"]
[SourceTitle "EXT 2018"]
[Source "ChessBase"]
[SourceDate "2017.10.13"]
[SourceVersion "1"]
[SourceVersionDate "2017.10.13"]
[SourceQuality "1"]

1. e4 e5 2. Nf3 Nc6 3. d4 exd4 4. Nxd4 Bc5 5. Be3 Qf6 6. c3 Nge7 7. Qd2 h6 8. Bb5 0-0 9. 0-0 Bb6 10. Na3 a6 11. Ba4 d6 12. Nxc6 bxc6 13. Bc2 d5 14. Rfe1 Bb7 15. e5 Qe6 16. f4 Nf5 17. Bxb6 cxb6 18. Qd3 Bc8 19. g4 Qg6 20. Qxf5 Qxg4+ 21. Qxg4 Bxg4 22. Re3 Rfe8 23. Rae1 c5 24. f5 Rad8 25. h3 Bh5 26. Bd1 d4 27. cxd4 Bxd1 28. Rxd1 Rxd4 29. Rxd4 cxd4 30. Re4 Rd8 31. Nc4 b5 32. Nd6 Rd7 33. Rxd4 Rc7 34. Rd2 Rc1+ 35. Kg2 Ra1 36. e6 fxe6 37. fxe6 Kf8 38. Re2 Ke7 1-0

[Event "Karl Mala Memorial op-B 17th"]
[Site "Frankfurt"]
[Date "2014.08.02"]
[Round "4"]
[White "Kuenitz, Klaus"]
[Black "Brockmann, Marcus"]
[Result "1-0"]
[WhiteElo "1604"]
[BlackElo "1421"]
[PlyCount "63"]
[EventDate "2014.07.31"]
[EventType "swiss"]
[EventRounds "7"]
[EventCountry "GER"]
[SourceTitle "EXT 2015"]
[Source "ChessBase"]
[SourceDate "2014.11.20"]
[SourceVersion "1"]
[SourceVersionDate "2014.11.20"]
[SourceQuality "1"]

1. d4 Nf6 2. c4 c5 3. Nf3 cxd4 4. Nxd4 e5 5. Nb5 Nc6 6. Bg5 h6 7. Bxf6 Qxf6 8. Nc7+ Kd8 9. Nxa8 Bc5 10. e3 Bb4+ 11. Nd2 e4 12. a3 Ba5 13. b4 Nxb4 14. axb4 Bxb4 15. Rxa7 d5 16. Qb3 Qd6 17. Ra4 Bxd2+ 18. Ke2 dxc4 19. Qb6+ Qxb6 20. Nxb6 c3 21. Nxc8 Kc7 22. Rc4+ Kb8 23. Nd6 Rd8 24. Nxe4 b5 25. Rd4 Rc8 26. Nxd2 c2 27. Nb3 Rc3 28. Nc1 Kc7 29. Kd2 Rc5 30. Bxb5 Rxb5 31. Rc4+ Kd7 32. Kxc2 1-0